000 00526nam a2200193 4500
001 123024
003 ES-MaACL
005 20230906192109.0
007 t|
008 070214s1945 fr r ||||0| fre d
245 0 0 _aProtestantisme français /
_cpar Marc Boegner... [et al.].
260 _aParis :
_bPlon et Nourrit,
_c1945.
300 _aII, 448 p ;
_c19 cm.
490 1 _aPrésences
700 1 _aBoegner, Marc.
_929728
830 0 _aPrésences
_9182391
852 _aES-MaACL
_jD-5297
_bR.30963
999 _c123024
_d123024